| 000 | 00462nam a2200145Ia 4500 | ||
|---|---|---|---|
| 041 | _aArabic | ||
| 082 | _a346,07 cut-389 م | ||
| 100 | _a20260118u\\\\\\\\\\\y0engy0103\\\\ba | ||
| 100 | _aد.عصام حنفي محمود | ||
| 245 | 0 | _aالقانون التجاري - الجزء الثاني العقود التجارية | |
| 250 | _aط1 | ||
| 260 |
_bمطابع الدار الهندسية _aالقاهرة - مصر _c2007 |
||
| 300 | _a247 | ||
| 942 | _cBk | ||
| 999 |
_c188270 _d188270 |
||